000 00353nam a2200145Ia 4500
005 20241113011655.0
008 240331s9999 xx 000 0 und d
082 _bMAR
_a823
100 _aMarkandaya, K
245 0 _aNectar in a sieve
260 _aLondon
_bPutnam & Ltd.
_c1956
300 _a189 p .,
500 _aA novel of Rural India.
942 _cL
999 _c3545
_d3545